Central Library OPAC University of Rajshahi

Rights of prisoners in Bangladesh : (Record no. 85198)

MARC details
000 -LEADER
fixed length control field 00938nam a2200229 a 4500
001 - CONTROL NUMBER
RUCL Control Number 85198
003 - CONTROL NUMBER IDENTIFIER
rucl marc code BD-RjUL
005 - DATE AND TIME OF LATEST TRANSACTION
control field 20250714154233.0
008 - FIXED-LENGTH DATA ELEMENTS--GENERAL INFORMATION
fixed length control field 250714s2023 bg a|||| m||| 00| 0 eng d
035 ## - SYSTEM CONTROL NUMBER
system control number (BD-RjUL)
040 ## - CATALOGING SOURCE
Original cataloging agency BD-RjUL
Language of cataloging eng
Transcribing agency BD-RjUL
Modifying agency BD-RjUL
082 ## - DEWEY DECIMAL CLASSIFICATION NUMBER
DDC Edition number 23
Classification number 344.356095492
Author mark and Year SUR 2023
100 ## - MAIN ENTRY--PERSONAL NAME
Personal name Sumy, Sumya Chowdhury
9 (RLIN) 16025
245 10 - TITLE STATEMENT
Title Rights of prisoners in Bangladesh :
Remainder of title Obligation, regulation, and practice /
Statement of responsibility, etc Researcher Sumya, Chowdhury Sumy ;
Name of Supervisor/Co-Supervisor Supervisor : Abu, Naser Md. Wahid
260 ## - PUBLICATION, DISTRIBUTION, ETC. (IMPRINT)
Place of publication, distribution, etc Rajshahi :
Name of publisher, distributor, etc Institute of Bangladesh Studies, University of Rajshahi,
Date of publication, distribution, etc 2023
300 ## - PHYSICAL DESCRIPTION
Pagination xviii, 402 leaves :
Other physical details ill, ;
Dimensions 29.cm.
502 ## - DISSERTATION NOTE
Dissertation note Thesis (Ph. D.) -- Institute of Bangladesh Studies, University of Rajshahi, 2023
504 ## - BIBLIOGRAPHY, ETC. NOTE
Bibliography, etc Bibliography : Leaves 389 - 397
650 ## - SUBJECT ADDED ENTRY--TOPICAL TERM
Topical term or geographic name as entry element Prisoner
Form subdivision Regal status, Law, Etc
Geographic subdivision Bangladesh
9 (RLIN) 16026
700 ## - ADDED ENTRY--SUPERVISOR/CO-SUPERVISOR NAME
Personal name Wahid, Abu, Naser Md. Supervisor
9 (RLIN) 8941
942 ## - ADDED ENTRY ELEMENTS (KOHA)
Koha item type Theses
Source of classification or shelving scheme Dewey Decimal Classification
Holdings
Source of classification or shelving scheme Damaged status Not for loan Collection code Permanent Location Current Location Shelving location Date of accession Source of acquisition Full call number Barcode Date last seen Copy number Thesis
Dewey Decimal Classification   Not For Loan Theses Central Library, University of Rajshahi Central Library, University of Rajshahi Documentation Section 14/07/2025 Controller of Exam R. U. THE 344.356095492 SUR 2023 D5153 14/07/2025 C1 Theses